Komparace tematické struktury časopiseckých publikací českých a evropských ekonomů (1999-2002)
Odborné časopisy ako významné komunikačné médium. Tematická štruktúra časopiseckých publikácií. Klasifikačná kategória podľa systému JEL (Journal of economic literature). Podiel najfrekventovanejších JEL kódov vo vybraných medzinárodných časopisoch. Komparácia tematickej štruktúry časopiseckých publ...
Guardado en:
| Autor principal: | |
|---|---|
| Formato: | Capítulo de libro |
| Lenguaje: | checo |
| Materias: | |
| Etiquetas: |
Sin Etiquetas, Sea el primero en etiquetar este registro!
|
MARC
| LEADER | 00000naa$a2200000$$$4500 | ||
|---|---|---|---|
| 001 | 0005736 | ||
| 005 | 20231019125456.3 | ||
| 041 | 0 | |a cze | |
| 044 | |a CZ | ||
| 245 | 1 | 0 | |a Komparace tematické struktury časopiseckých publikací českých a evropských ekonomů (1999-2002) |c aut. Martin Macháček |
| 520 | |a Odborné časopisy ako významné komunikačné médium. Tematická štruktúra časopiseckých publikácií. Klasifikačná kategória podľa systému JEL (Journal of economic literature). Podiel najfrekventovanejších JEL kódov vo vybraných medzinárodných časopisoch. Komparácia tematickej štruktúry časopiseckých publikácií a statí českých a európskych ekonómov. | ||
| 610 | 2 | 0 | |a veda ekonomická |
| 610 | 2 | 0 | |a JEL |
| 610 | 2 | 0 | |a triedenie informácií |
| 610 | 2 | 0 | |a klasifikácia |
| 610 | 2 | 0 | |a USA |
| 610 | 2 | 0 | |a časopisy |
| 100 | 1 | |a Macháček, Martin | |